Derechos de autor en la era digital. = Copiright issues in the digital age /

Gardado en:
Detalles Bibliográficos
Autor Principal: Fernández-Aballí, Isidro
Formato: Texto
Etiquetas: Engadir etiqueta
Sen Etiquetas, Sexa o primeiro en etiquetar este rexistro!

MARC

LEADER 00000 a a2200000 04500
001 8658
003
040
100 |a Fernández-Aballí, Isidro  
245 |a Derechos de autor en la era digital. =   |b Copiright issues in the digital age /  |c Isidro Fernández-Aballí 
773 |g volumen 21, número 2; páginas 23-34  
999 |c 38625  |d 38625